• 首页
  • 本馆介绍
  • 公告通知
  • 最新文献
  • 馆藏检索
  • 电子资源
  • 读者导购
  • 参考咨询
  • 我的图书馆
  • 登录
  • 详细信息显示
  • 放入我的书架
  • 预约/预借图书
  • 作者相关作品
  • 分类相关作品
  • 丛书相关作品
  • 出版社相关作品

书目信息

  • 表格格式
  • 工作单格式
  • 卡片格式
题名:
中国历代战争简史
    
 
作者: ;战争简史编写组 编
分册:  
出版信息: 北京   解放军出版社  2006
页数: 490页
开本: 21cm
丛书名:
单 册:
中图分类: E29
科图分类:
主题词: 战争史--中国--古代
电子资源:
ISBN: 7-5065-2149-0
000 00817nam0 2200229 450
001 012006009589
005 20061123154719.60
010    @a7-5065-2149-0@dCNY38.00
100    @a20060303d2006 em y0chiy0110 ea
101 0  @achi
102    @aCN@b110000
105    @ab z 000yy
200 1  @a中国历代战争简史@9zhong guo li dai zhan zheng jian shi@f《战争简史》编写组编
205    @a2版@b修订版
210    @a北京@c解放军出版社@d2006
215    @a490页@c地图@d21cm
330    @a本书系统地记述了公元前26世纪神农伐燧战争至本世纪辛亥革命前期中国四千多年的战争发展脉络;主要战争发生的背景,交战各方的战前准备,及其作战时空和结果的交待等。
606 0  @a战争史@y中国@z古代
690    @aE29@v3
711 02 @a战争简史编写组@9zhan zheng jian shi bian xie zu@4编
801  0 @aCN@bRENTIAN@c20061123
905    @a10447@dE29@e55=2
    
    中国历代战争简史/《战争简史》编写组编.-2版,修订版.-北京:解放军出版社,2006
    490页:地图;21cm
    
    
    ISBN 7-5065-2149-0:CNY38.00
    本书系统地记述了公元前26世纪神农伐燧战争至本世纪辛亥革命前期中国四千多年的战争发展脉络;主要战争发生的背景,交战各方的战前准备,及其作战时空和结果的交待等。
●
相关链接 在E读中查询图书 在五车中查询图书 在当当中查询图书 在豆瓣中查询图书


正题名:中国历代战争简史     索取号:E29/55=2         预约/预借

序号 登录号 条形码 馆藏地/架位号 状态 备注
1 0390437   203904374   第一样本阅览室/ [索取号:E29/55=2] 在馆    
2 0390438   203904383   第一借阅区/ [索取号:E29/55=2] 在馆    
3 0390439   203904392   第一借阅区/ [索取号:E29/55=2] 在馆    
4 0390440   203904409   第一借阅区/ [索取号:E29/55=2] 在馆    
5 0390441   203904418   第一借阅区/ [索取号:E29/55=2] 在馆    
唐山师范学院图书馆 欢迎您!
大连网信软件有限公司© 版权所有